Trouver la ville (par rapport à son stade) - Statistiques

Statistiques générales
  • Ce quiz a été pris 212 fois
  • Le résultat moyen est 13 sur 19
Statistiques - réponses
Stade Ville % Correct
Camp Nou Barcelone
94%
Old Trafford Manchester
92%
Emirates Stadium Londres
91%
Stade Santiago-Bernabéu Madrid
90%
Anfield Liverpool
89%
Stamford Bridge Londres
89%
Wembley Stadium Londres
89%
Allianz Arena Munich
85%
Stadio Olimpico Rome
81%
Etihad Stadium Manchester
79%
Stade Giuseppe-Meazza Milan
77%
Stade Vicente-Calderón Madrid
68%
Red Bull Arena Leipzig
67%
Signal Iduna Park Dortmund
65%
Stade San Paolo Naples
61%
Stade Ramón Sánchez Pizjuán Séville
52%
Allianz Stadium Turin
24%
Stade de la Cerámica Vila-Real
17%
Rhein-Neckar-Arena Hoffenheim
9%
Aucun quiz correspondant
Distribution des résultats
% des personnes avec chaque résultat
Percentile par nombre de réponses
Votre historique - résultats
Vous n’avez pas pris ce quiz